Responses for show #3905 - Friday, July 20, 2001

Last game of Season 17.

Contestants

[<< previous game]

Genevieve Slunka, an undergraduate student from Irvine, California

Roland Lange, a sales director from Brooklyn, New York (whose 1-day cash winnings total $8,000)

Josh Meyer, an attorney from Los Angeles, California (whose 1-day cash winnings total $8,000)

[next game >>]

Jeopardy! Round responses

THE HALL OF FAMOUS MISSOURIANS
SPORTS TEAM NICKNAMES
THE DAVIS CUP
OFFICIAL STATE THINGS
AM I BLUE?
a lower case category
    $100 26
Harry S. Truman

Roland
    $100 1
Detroit

Josh
    $100 13
Bette Davis

Roland
    $100 4
(R: What is California?)

Hawaii

JoshRoland
    $100 8
Turquoise

Genevieve
    $100 16
secretary

Josh
    $200 27
Walter Cronkite

Roland
    $200 2
Browns

Roland
    $200 14
Jefferson Davis

Josh
    $200 7
Bullfrog

Roland
    $200 9
"Blue Velvet"

Triple Stumper
    $200 19
scene

Genevieve
    $300 28
George Washington Carver

Roland
    $300 3
Buccaneers

Genevieve
    $300 15
Al Davis

Roland
    $300 23
Peppers

Roland
    $300 10
Tiffany's

Roland
    $300 20
h

Josh
    $400 29
Stan Musial

Roland
    $400 5
Crew

Josh
    $400 17
Jim Davis

Josh
    $400 24
Saber tooth tiger

Josh
    $400 11
Wedgwood

Triple Stumper
    $400 21
F/f

Roland
    $500 30
Emmett Kelly

Triple Stumper
    $500 6
Vancouver Canucks

Roland
    $500 18
Angela Davis

Josh
    $500 25
(J: What is South Carolina?)
(we have less than a minute to go...)

Washington

Josh
    $500 12
Blue Room

Josh
    $500 22
days of the week

Roland

Scores at the first commercial break (after clue 15):

Josh Roland Genevieve
$1,300 $1,500 $400

Scores at the end of the Jeopardy! Round:

Josh Roland Genevieve
$2,500 $3,700 $600

Double Jeopardy! Round responses

ZANY FOR TANZANIA
MEL BROOKS FILMS
GOVERNMENT & POLITICS
POETIC LICENSE PLATES
(Alex: We'll show you the plates, you have to identify the poet)
AWARDS
4 "N" WORDS & PHRASES
(Alex: The letter "N" will appear 4 times in each correct response)
    $200 1
Lake Victoria

Josh
    $200 2
"Men in Tights"

Josh
    $200 22
NASA

Roland
    $200 7
Elizabeth Barrett Browning ("How Do I Love Thee")

Genevieve
    $200 12
Julia Child

Josh
    $200 17
Pennsylvanian

Roland
    $400 27
Mount Kilimanjaro

Roland
    $400 3
Young Frankenstein

Josh
    $400 23
Virginia

Roland
    $400 8
Ezra Pound

Roland
    $400 13
Gerald Ford & Jimmy Carter

Triple Stumper
    $400 18
Seventh Inning Stretch

Josh
    $600 28
African violet

Roland
    $600 4
The Producers

Genevieve
    $600 24
(we have less than a minute to go...)

Commandant

Triple Stumper
    $600 9
Dante

Genevieve
    $600 14
Hasty Pudding Club

Josh
    $600 19
"Anna Karenina"

Josh
    $800 29
Serengeti

Triple Stumper
    $800 5
Anne Bancroft

Roland
    $800 25
Ernest Hollings

Josh
    $800 10
William Butler Yeats

Roland
    $800 15
W.C. Handy

Triple Stumper
    $2,000 20
Amnesty International

Josh
    $1000 30
Tanganyika

Genevieve
    $1,000 6
High Anxiety

Roland
    $1000 26
Thomas Foley

Roland
    $1000 11
Robert Graves

Triple Stumper
    $1000 16
(Josh: What is the Newbery Award?)

the Caldecott Medal

JoshRoland
    $1000 21
(J: What is "The Young Mr. Lincoln?")

Abe Lincoln in Illinois

Josh
Triple Stumper

Scores at the end of the Double Jeopardy! Round:

Josh Roland Genevieve
$5,900 $10,500 $3,000

[wagering suggestions for these scores]

Final Jeopardy! Round responses

POP MUSIC
(Alex: Roland, you get to come back as a solo champ, but it's going to be a while, as you know, we have some tournaments that are coming back next week.)
GenevieveWhat is the Beatles
$3,000
JoshWhat are The Beatles
$3,300
RolandWhat is The Beatles?
$4,000
The Beatles (tribute to their 1968 album, "The White Album")

Final scores:

Josh Roland Genevieve
$9,200 $14,500 $6,000
2nd place: Trip to Club Med, Mexico 2-day champion: $22,500 3rd place: Borders Gift Card

Game dynamics:

Coryat scores:

Josh Roland Genevieve
$5,200 $10,500 $3,000
19 R
(including 1 DD),
3 W
(including 1 DD)
24 R
(including 1 DD),
1 W
7 R,
0 W

Combined Coryat: $18,700

The J! Archive is created by fans, for fans. The Jeopardy! game show and all elements thereof, including but not limited to copyright and trademark thereto, are the property of Jeopardy Productions, Inc. and are protected under law. This website is not affiliated with, sponsored by, or operated by Jeopardy Productions, Inc. Join the discussion at JBoard.tv.